000 01052cam a2200133 4500500
005 20260329031846.0
041 _afre
042 _adc
100 1 0 _aMignot, Élise
_eauthor
245 0 0 _aLinguistique anglaise
260 _bArmand Colin,
_c2016.
520 _aCet ouvrage présente et interprète le fonctionnement de la langue anglaise. Il adopte une approche sémantique de la grammaire afin de comprendre la mise en forme du sens.Il rappelle les bases de l’analyse grammaticale, et expose les connaissances nécessaires à la production d’un commentaire linguistique. L’ouvrage est constitué de quatre parties :-  les éléments de description grammaticale ;-  le syntagme nominal ;- le verbe : temps, aspect, modalité ;- les propositions.L’ouvrage sera utile aux étudiants de Licence d’anglais tout au long de leur cursus, ainsi qu’aux étudiants préparant les concours du CAPES et de l’Agrégation.
856 4 1 _uhttps://shs.cairn.info/linguistique-anglaise--9782200612276?lang=fr&redirect-ssocas=7080
999 _c1950011
_d1950011